|
|
|
|
| LEADER |
00000nam0a2200000 4500 |
| 001 |
373710 |
| 005 |
20231102012606.0 |
| 035 |
|
|
|a (RuTPU)RU\TPU\retro\31140
|
| 035 |
|
|
|a RU\TPU\book\304928
|
| 090 |
|
|
|a 373710
|
| 100 |
|
|
|a 20221216d1964 km y0rusy50 ca
|
| 101 |
0 |
|
|a rus
|
| 102 |
|
|
|a RU
|
| 105 |
|
|
|a a z 000zy
|
| 200 |
1 |
|
|a Впереди великий штурм природы. О природе и климате и возможных путях их изменения
|f Е. И. Парнов, М. Т. Емцев
|
| 210 |
|
|
|a Ленинград
|c Гидрометеоиздат
|d 1964
|
| 215 |
|
|
|a 140 с.
|c ил.
|
| 606 |
1 |
|
|a Климат
|x Изменения
|x (климатология)
|2 stltpush
|3 (RuTPU)RU\TPU\subj\14525
|9 40900
|
| 610 |
1 |
|
|a Земля
|
| 610 |
1 |
|
|a Мировой Океан
|
| 610 |
1 |
|
|a погода
|
| 610 |
1 |
|
|a теплые течения
|
| 610 |
1 |
|
|a холодные течения
|
| 610 |
1 |
|
|a Гольфстрим
|
| 610 |
1 |
|
|a Солнце
|
| 610 |
1 |
|
|a лед
|
| 610 |
1 |
|
|a воздух
|
| 610 |
1 |
|
|a холод
|
| 610 |
1 |
|
|a пустыни
|
| 675 |
|
|
|a 551.583
|v 3
|
| 700 |
|
1 |
|a Парнов
|b Е. И.
|g Еремей Иудович
|
| 701 |
|
1 |
|a Емцев
|b М. Т.
|g Михаил Тихонович
|
| 801 |
|
1 |
|a RU
|b 63413507
|c 20150120
|
| 801 |
|
2 |
|a RU
|b 63413507
|c 20221216
|g RCR
|
| 942 |
|
|
|c BK
|